000 00780nam a22002415i 4500
001 18305163
003 ARRUPE
005 20150122155414.0
008 140917s2013 ke b 000 0 eng
010 _a 2013440493
020 _a9789966088628
040 _aDLC
_beng
_cDLC
_erda
042 _alcode
_apcc
050 _aBT 30 A9.T391
100 1 _aOrabator, Agbonkhianmeghe E (ed.)
_913565
245 1 0 _aTheological reimagination :
_bconversations on church, religion, and society in Africa /
_cAgobonkhianmeghe E. Orabator.
300 _a304 pages ;
_c21 cm
504 _aIncludes bibliographical references.
650 _aTheology, Doctrinal
_zAfrica
_98574
906 _a0
_bibc
_corigode
_d3
_encip
_f20
_gy-gencatlg
942 _2lcc
_cMONOGRAPH
999 _c121538
_d121538